00227nam a22000857a 4500020001800000050001400018082001400032245003500046260006000081 a9781920520090 aEJF NEWT aEJF NEWT aNew tales from South Africa 2 aSouth Africa : JohannesburgbMthombothi Studiosc2012